Toàn tập Xuân Diệu

Đi trên đường lớn [ bút kí văn học ].- Và cây đời mãi mãi xanh tươi [ bút kí văn học ].- Mài sắt nên kim [ bút kí văn học ].-

में बचाया:
ग्रंथसूची विवरण
मुख्य लेखक: Xuân Diệu
स्वरूप: पुस्तक
भाषा:Undetermined
प्रकाशित: Hà Nội Văn học 2001
विषय:
टैग : टैग जोड़ें
कोई टैग नहीं, इस रिकॉर्ड को टैग करने वाले पहले व्यक्ति बनें!
Thư viện lưu trữ: Trung tâm Học liệu Trường Đại học Cần Thơ
LEADER 00727nam a2200205Ia 4500
001 CTU_42899
008 210402s9999 xx 000 0 und d
082 |a 895.922008 
082 |b X502/T.4 
100 |a Xuân Diệu 
245 0 |a Toàn tập Xuân Diệu 
245 0 |c Xuân Diệu 
260 |a Hà Nội 
260 |b Văn học 
260 |c 2001 
520 |a Đi trên đường lớn [ bút kí văn học ].- Và cây đời mãi mãi xanh tươi [ bút kí văn học ].- Mài sắt nên kim [ bút kí văn học ].- 
650 |a Vietnamese literature 
650 |y 20th century 
904 |i Trọng Hải 
980 |a Trung tâm Học liệu Trường Đại học Cần Thơ